| 000 | 00381nam a2200145Ia 4500 | ||
|---|---|---|---|
| 008 | 230917s9999||||xx |||||||||||||| ||und|| | ||
| 040 |
_e72420 _aMAIN |
||
| 041 | _aEnglish | ||
| 082 | _a650 O2F | ||
| 100 | _aOsborne, E Affred | ||
| 245 | 0 | _aFunny business: A tongue in cheek guide to power and success | |
| 260 |
_aNew York _bAMACOM _c1979 |
||
| 300 | _ax, 110 p. | ||
| 942 | _cBK | ||
| 999 |
_c205579 _d205579 |
||